| 000 | 01386nam a2200277Ia 4500 | ||
|---|---|---|---|
| 999 |
_c4843 _d4843 |
||
| 003 | OSt | ||
| 005 | 20200527113306.0 | ||
| 008 | 191128s2015 ck gr 000 0dspa d | ||
| 020 | _a9789587751741 | ||
| 040 |
_aCO-JMCR _cCO-JMCR |
||
| 041 | 0 | _aspa | |
| 082 | 0 | 4 |
_a330.0929861 / _bD243e _223 |
| 100 | 1 |
_aDelgado Gómez, Carlos Alfonso, _eautor _94709 |
|
| 245 | 1 | 0 |
_a10 economistas colombianos : _bvida, obra y pensamiento / _cCarlos Alfonso Delgado Gómez |
| 250 | _aPrimera edición | ||
| 260 |
_aBogotá : _bUniversidad Nacional de Colombia, _c2015 |
||
| 300 |
_a241 páginas ; _c24 cm. |
||
| 490 | 0 | _aColección 60 años FCE | |
| 500 | _aIncluye bibliografía al final de cada capítulo. | ||
| 505 | _aMiguel Urrutia Montoya -- Eduardo Sarmiento Palacio -- Absalom Machado Cartagena -- Alberto Corchuelo -- Salomón Kalmanovitz -- Homero Cuevas Triana -- Jorge Iván González B. -- Fernando Tenjo Galarza -- Consuelo Corredor Martínez | ||
| 520 | _aEs una visión acerca del desarrollo social del pensamiento en economía en Colombia, en dónde se destacan a través de entrevistas - conversación los procesos que cada autor despliega en la consolidación de una formación teórica. | ||
| 650 | 1 | 4 |
_aEconomistas colombianos _zColombia _94710 |
| 650 | 2 | 4 |
_aBiografías Economía _zColombia _94711 |
| 650 | 2 | 4 |
_aPensamiento económico _zColombia _94712 |
| 942 |
_2ddc _cBK |
||